000 03105 a2200481 4500
001 23803424
003 000
005 20251017102536.0
007 t|
008 240729t20252025flua b 001 0 eng c
010 _a 2024034546
020 _a9781032770291
035 _a23803424
035 _a(DLC)23803424
040 _aPSt/DLC
_beng
_erda
_cDLC
_dPSt/DLC
_dDLC-MRC
_dPSt/DLC
042 _apcc
050 0 0 _aQ 325.5 .N93
082 0 0 _a006.3/1
_223/eng/20241119
100 1 _aNyamawe, Ally S.
_eauthor
_4aut
_4http://id.loc.gov/vocabulary/relators/aut
_0http://id.loc.gov/authorities/names/no2024082734
245 1 0 _aPractical machine learning :
_ba beginner's guide with ethical insights /
_cAlly S. Nyamawe, Mohamedi M. Mjahidi, Noe E. Nnko, Salim A. Diwani, Godbless G. Minja, and Kulwa Malyango.
264 1 _aBoca Raton, FL :
_bCRC Press/Taylor & Francis Group,
_c2025.
264 4 _c2025.
_aBoca Raton, FL :
_bCRC Press/Taylor & Francis Group,
300 _axii, 213 pages
_billustrations (some color)
_c24 cm
336 _atext
_btxt
_2rdacontent
337 _aunmediated
_bn
_2rdamedia
338 _avolume
_bnc
_2rdacarrier
340 _0http://id.loc.gov/vocabulary/millus/ill
340 _0http://id.loc.gov/vocabulary/mcolor/mul
504 _aIncludes bibliographical references and index.
505 0 _aFundamentals of machine learning -- Mathematics for machine learning -- Data preparation -- Machine learning operations -- Machine learning software and hardware requirements -- Responsible AI and explainable AI -- Artificial general intelligence -- Machine learning step-by-step practical examples.
520 _a"The book provides an accessible, comprehensive introduction for beginners to machine learning, equipping them with the fundamental skills and techniques essential for this field. This is a core resource for students and instructors of machine learning and data science looking for beginner-friendly material which offers real-world applications and takes ethical discussions into account"-- Provided by publisher.
650 0 _aMachine learning
_0http://id.loc.gov/authorities/subjects/sh85079324
650 0 _aArtificial intelligence
_0http://id.loc.gov/authorities/subjects/sh85008180
700 1 _aMjahidi, Mohamedi M.
_eauthor
_4http://id.loc.gov/vocabulary/relators/aut
700 1 _aNnko, Noe E.
_q(Noe Elisa)
_eauthor
_4http://id.loc.gov/vocabulary/relators/aut
700 1 _aDiwani, Salim A.
_eauthor
_4http://id.loc.gov/vocabulary/relators/aut
700 1 _aMinja, Godbless G.
_eauthor
_4http://id.loc.gov/vocabulary/relators/aut
700 1 _aMalyango, Kulwa
_eauthor
_4http://id.loc.gov/vocabulary/relators/aut
776 1 _iOnline version
_4http://id.loc.gov/entities/relationships/onlineversion
_aNyamawe, Ally S.
_tPractical machine learning
_bFirst edition
_dBoca Raton, FL: CRC Press, 2025
_h1 online resource
_w(DLC) 2024034547
_z9781003486817
_z9781032782164
_z9781032770291
906 _a7
_bcbc
_corignew
_d1
_eecip
_f20
_gy-gencatlg
942 _2lcc
_cBK
999 _c43876
_d43876